<?xml version="1.0" encoding="UTF-8"?>
<marc:record xmlns:marc="http://www.loc.gov/MARC21/slim">
   <marc:leader>00000nam a2200000 a 4500</marc:leader>
   <marc:datafield ind1="1" ind2=" " tag="100">
      <marc:subfield code="a">Bydlinski, Georg</marc:subfield>
      <marc:subfield code="4">aut</marc:subfield>
      <marc:subfield code="e">Verfasser/-in</marc:subfield>
   </marc:datafield>
   <marc:datafield ind1=" " ind2=" " tag="653">
      <marc:subfield code="a">Drache</marc:subfield>
   </marc:datafield>
   <marc:datafield ind1=" " ind2=" " tag="653">
      <marc:subfield code="a">himbeerrot</marc:subfield>
   </marc:datafield>
   <marc:datafield ind1="0" ind2="0" tag="245">
      <marc:subfield code="a">Der himbeerrote Drache</marc:subfield>
   </marc:datafield>
   <marc:datafield ind1="0" ind2="0" tag="245">
      <marc:subfield code="b">Mit Bildern von Federico Delicado</marc:subfield>
   </marc:datafield>
   <marc:datafield ind1="0" ind2="0" tag="245">
      <marc:subfield code="c">Georg Bydlinski</marc:subfield>
   </marc:datafield>
   <marc:datafield ind1=" " ind2="1" tag="264">
      <marc:subfield code="a">Innsbruck u.a.</marc:subfield>
      <marc:subfield code="b">Obelisk</marc:subfield>
      <marc:subfield code="c">2005</marc:subfield>
   </marc:datafield>
   <marc:datafield ind1="1" ind2=" " tag="520">
      <marc:subfield code="a">"Einmal lebte ein kleiner Drache, der war nicht grün wie die anderen Drachen, sondern rot getupft wie eine Himbeere..." Und er aß am liebsten Himbeeren und wollte daher auch das Himbeergebüsch nicht mit den anderen Drachen teilen. Großen Kummer machte ihm seine Hautfarbe: rot getupft, wie er war, wurde er zum Gespött seiner Artgenossen. Doch auch das Verlassen des Drachenlandes half ihm wenig. In der Stadt warf man mit Tomaten und Blumentöpfen nach ihm, und aus dem gemütlichen Kuhstall vertrieb ihn der Bauer mit dem Besen. Aber zu guter Letzt erging es dem Drachen so, wie es uns manchmal mit einem Menschen ergeht. Erst wenn dieser nicht mehr da ist, merkt man, wie lieb man ihn hat. Als Heimweh ihn ins Drachenland zurückkehren ließ, erlebte er zu seiner Überraschung voll Freude, dass die anderen Drachen ihn vermisst hatten.</marc:subfield>
   </marc:datafield>
   <marc:datafield ind1=" " ind2=" " tag="020">
      <marc:subfield code="a">9783851974911</marc:subfield>
      <marc:subfield code="9">9783851974911</marc:subfield>
   </marc:datafield>
   <marc:datafield ind1=" " ind2=" " tag="020">
      <marc:subfield code="a">3851974913</marc:subfield>
      <marc:subfield code="9">3851974913</marc:subfield>
   </marc:datafield>
   <marc:datafield ind1=" " ind2=" " tag="300">
      <marc:subfield code="a">61S., ill.</marc:subfield>
   </marc:datafield>
</marc:record>
